|
|
|
|
| LEADER |
01306nam a2200301 u 4500 |
| 001 |
10110378 |
| 003 |
upatras |
| 005 |
20240628134123.0 |
| 008 |
130708s2006 gr f gre |
| 020 |
|
|
|a 9789601623498
|
| 040 |
|
|
|a GR-PaULI
|c GR-PaULI
|
| 041 |
0 |
|
|a gre
|
| 082 |
0 |
4 |
|a 100
|
| 100 |
1 |
|
|a Michaud, Yves
|4 aut
|9 134245
|
| 245 |
1 |
0 |
|a Η φιλοσοφία
|b σκέφτομαι άρα υπάρχω
|c Υβ Μισό; εικονογράφηση: Μανού Μπουαστό
|c ; μετάφραση: Μελίνα Καρακώστα
|
| 260 |
|
|
|a Αθήνα
|b Πατάκης
|c 2006
|
| 300 |
|
|
|a 143 σ.
|b εικ.
|c 22 εκ.
|
| 490 |
0 |
|
|a 100% εφηβικά / Πατάκης
|
| 504 |
|
|
|a Ευρετήριο
|
| 650 |
|
4 |
|a Φιλοσοφία
|x Εικονογραφημένα έργα
|9 134246
|
| 700 |
1 |
|
|a Boisteau, Manu
|4 ill
|9 134247
|
| 700 |
1 |
|
|a Καρακώστα, Μελίνα,
|d 1959-
|4 trl
|9 28794
|
| 760 |
0 |
|
|a 100% εφηβικά
|
| 852 |
|
|
|a GR-PaULI
|b ΠΑΤΡΑ
|b ΦΙΛΟΣΟΦΙΑ
|k ΑΣΧΕ-4
|h 100 MIC
|m 10054
|p 025000185767
|t 1
|
| 942 |
|
|
|2 ddc
|c BK15
|
| 952 |
|
|
|0 0
|1 0
|4 0
|6 100_000000000000000_MIC
|7 0
|9 156859
|a PHIL
|b PHIL
|d 2016-04-24
|i 10054
|l 1
|o 100 MIC
|p 025000185767
|q 2022-06-17
|r 2022-06-10 00:00:00
|s 2022-06-10
|t 1
|w 2016-04-24
|y BK15
|
| 998 |
|
|
|c ΚΑΝΕΛΛΟΠΟΥΛΟΥ
|d 2013-07
|
| 999 |
|
|
|c 99353
|d 99353
|